[Event "POL-ch U18 rapid"]
[Site "Wroclaw"]
[Date "2017.08.08"]
[Round "11"]
[White "Wisniewski, Michal"]
[Black "Fukowski, Pawel"]
[Result "1-0"]
[WhiteElo "2028"]
[BlackElo "1978"]
[PlyCount "89"]
[EventDate "2017.08.06"]
[EventType "swiss (rapid)"]
[EventRounds "11"]
[EventCountry "POL"]
[SourceTitle "CBM 180 Extra"]
[Source "ChessBase"]
[SourceDate "2017.10.06"]
[SourceVersion "1"]
[SourceVersionDate "2017.10.06"]
[SourceQuality "1"]

1. e4 e6 2. d4 d5 3. exd5 exd5 4. Nf3 c5 5. Bb5+ Bd7 6. Qe2+ Be7 7. 0-0 a6 8. Bxd7+ Nxd7 9. Nc3 Ngf6 10. Re1 b5 11. Bf4 Kf8 12. dxc5 Nxc5 13. Rad1 Ra7 14. Ne5 Rc7 15. Ng4 Rd7 16. Nxf6 Bxf6 17. Nxd5 Ne6 18. Nc7 g5 19. Nxe6+ fxe6 20. Rxd7 Qxd7 21. Be5 Bxe5 22. Qxe5 Rg8 23. Qxe6 Qxe6 24. Rxe6 Kf7 25. Rxa6 Rc8 26. c3 b4 27. h3 bxc3 28. bxc3 Rxc3 29. a4 Rc1+ 30. Kh2 Rc3 31. a5 Ra3 32. Ra8 Kg6 33. a6 Kh5 34. a7 Kh6 35. f3 Ra1 36. Kg3 Ra4 37. h4 gxh4+ 38. Kh3 Kh5 39. f4 Ra3+ 40. Kh2 Kh6 41. f5 Kg7 42. f6+ Kf7 43. Rh8 Kxf6 44. a8Q Rxa8 45. Rxa8 1-0

[Event "POL-ch U18 rapid"]
[Site "Wroclaw"]
[Date "2017.08.06"]
[Round "4"]
[White "Fukowski, Pawel"]
[Black "Karpus, Michal"]
[Result "1/2-1/2"]
[WhiteElo "1978"]
[BlackElo "2127"]
[PlyCount "109"]
[EventDate "2017.08.06"]
[EventType "swiss (rapid)"]
[EventRounds "11"]
[EventCountry "POL"]
[SourceTitle "CBM 180 Extra"]
[Source "ChessBase"]
[SourceDate "2017.10.06"]
[SourceVersion "1"]
[SourceVersionDate "2017.10.06"]
[SourceQuality "1"]

1. d4 Nf6 2. Nf3 g6 3. g3 Bg7 4. c4 d5 5. Bg2 dxc4 6. Na3 c3 7. bxc3 0-0 8. 0-0 c5 9. Ne5 Nc6 10. Nxc6 bxc6 11. Bxc6 Bh3 12. Re1 Rc8 13. Bf3 Qa5 14. Qd2 Rfd8 15. Nc4 Qa4 16. Nb2 Qa5 17. e3 Nd5 18. Bxd5 Rxd5 19. Nd3 Qa6 20. Nf4 Be6 21. Nxd5 Bxd5 22. e4 Ba8 23. Bb2 e6 24. dxc5 Qc4 25. Rac1 Bxe4 26. Qe2 Bd3 27. Qf3 e5 28. Qb7 Qxc5 29. Ba3 Qc4 30. Qxa7 Be4 31. Bb4 Ba8 32. Qe3 h5 33. f3 Qxa2 34. Ra1 Qc4 35. Ra7 h4 36. Kf2 Qe6 37. Kg2 Re8 38. Rea1 Bd5 39. gxh4 Qg4+ 40. Kf2 Qxh4+ 41. Kg1 Bh6 42. Qf2 Qg5+ 43. Kh1 Qf5 44. Rf1 e4 45. Re7 Ra8 46. fxe4 Bxe4+ 47. Rxe4 Qxe4+ 48. Qf3 Qe8 49. Bc5 Rc8 50. Bd4 Bg7 51. Rd1 Bxd4 52. cxd4 Rc2 53. Kg1 Qb8 54. Qg3 Qe8 55. Qf3 1/2-1/2

[Event "POL-ch U18"]
[Site "Szklarska Poreba"]
[Date "2016.03.20"]
[Round "9"]
[White "Litner, Igor"]
[Black "Fukowski, Pawel"]
[Result "1-0"]
[WhiteElo "1883"]
[BlackElo "1966"]
[PlyCount "135"]
[EventDate "2016.03.13"]
[EventType "swiss"]
[EventRounds "9"]
[EventCountry "POL"]
[SourceTitle "EXT 2018"]
[Source "ChessBase"]
[SourceDate "2017.10.13"]
[SourceVersion "1"]
[SourceVersionDate "2017.10.13"]
[SourceQuality "1"]

1. d4 Nf6 2. Nf3 g6 3. Bf4 Bg7 4. e3 0-0 5. h3 d6 6. c3 a6 7. Nbd2 b5 8. Be2 Bb7 9. 0-0 Nbd7 10. a4 bxa4 11. Qxa4 c5 12. Qa5 Nd5 13. Qxd8 Rfxd8 14. Bg3 Bh6 15. Ra2 Rdb8 16. Rfa1 cxd4 17. exd4 f5 18. Bc4 Kf8 19. Ra5 N7f6 20. Bh4 Bxd2 21. Nxd2 h6 22. Bxf6 Nxf6 23. f3 d5 24. Bd3 Ke8 25. R1a2 Nd7 26. Nf1 Kf7 27. Ne3 e6 28. Nc2 Nb6 29. Bxa6 Bxa6 30. Rxa6 Rxa6 31. Rxa6 Nc4 32. b4 Nb2 33. Ne3 Rc8 34. Ra7+ Kf6 35. Ra3 h5 36. Rb3 f4 37. Nxd5+ exd5 38. Rxb2 Rxc3 39. b5 Rc7 40. Kf2 h4 41. Ke2 Ke6 42. Kd3 Kd6 43. Rc2 Rb7 44. Rc6+ Kd7 45. Rc5 Ke6 46. Kc3 g5 47. Kb4 Ra7 48. Rc6+ Kf5 49. b6 Ra2 50. Rc3 Ra8 51. b7 Rb8 52. Rc7 g4 53. hxg4+ Kg5 54. Kc5 h3 55. gxh3 Kh4 56. Kc6 Re8 57. Rc8 Re3 58. b8Q Rxf3 59. Kxd5 Kxh3 60. Rf8 Ra3 61. Qxf4 Rg3 62. Qxg3+ Kxg3 63. g5 Kh4 64. g6 Kh5 65. g7 Kh6 66. g8Q Kh5 67. Qg1 Kh6 68. Rh8# 1-0

[Event "POL-ch U18"]
[Site "Szklarska Poreba"]
[Date "2016.03.17"]
[Round "6"]
[White "Kanicki, Krzysztof"]
[Black "Fukowski, Pawel"]
[Result "1/2-1/2"]
[WhiteElo "2208"]
[BlackElo "1966"]
[PlyCount "101"]
[EventDate "2016.03.13"]
[EventType "swiss"]
[EventRounds "9"]
[EventCountry "POL"]
[SourceTitle "EXT 2018"]
[Source "ChessBase"]
[SourceDate "2017.10.13"]
[SourceVersion "1"]
[SourceVersionDate "2017.10.13"]
[SourceQuality "1"]

1. e4 e6 2. d4 d5 3. Nd2 Nf6 4. e5 Nfd7 5. Bd3 c5 6. c3 Nc6 7. Ne2 cxd4 8. cxd4 f6 9. Nf4 Nxd4 10. Qh5+ Ke7 11. exf6+ Nxf6 12. Ng6+ hxg6 13. Qxh8 Kf7 14. 0-0 e5 15. Nb3 Nxb3 16. axb3 Bf5 17. Bxf5 gxf5 18. Bg5 Bc5 19. Qh3 Qd7 20. b4 Bb6 21. Kh1 d4 22. Bxf6 Kxf6 23. Qh4+ Kf7 24. Qh5+ Kg8 25. Ra3 d3 26. Qd1 e4 27. Qd2 Rd8 28. Rd1 Qd4 29. Kg1 Kf7 30. h4 g6 31. Rc3 Qe5 32. Kh1 f4 33. Qe1 Rh8 34. Rcxd3 Rxh4+ 35. Rh3 Rxh3+ 36. gxh3 Qh5 37. Kh2 Qf3 38. Rd2 e3 39. fxe3 fxe3 40. Re2 g5 41. Qd1 Bc7+ 42. Kg1 Bf4 43. Qd7+ Kf6 44. Qd8+ Kf7 45. Qd7+ Kf6 46. Qd8+ Kf5 47. Qd7+ Ke5 48. Qe7+ Kd4 49. Qc5+ Ke4 50. Qc4+ Ke5 51. Qc7+ 1/2-1/2

[Event "POL-ch U18"]
[Site "Szklarska Poreba"]
[Date "2016.03.16"]
[Round "1"]
[White "Fukowski, Pawel"]
[Black "Chomczyk, Marek"]
[Result "0-1"]
[WhiteElo "1966"]
[BlackElo "2229"]
[PlyCount "120"]
[EventDate "2016.03.13"]
[EventType "swiss"]
[EventRounds "9"]
[EventCountry "POL"]
[SourceTitle "EXT 2018"]
[Source "ChessBase"]
[SourceDate "2017.10.13"]
[SourceVersion "1"]
[SourceVersionDate "2017.10.13"]
[SourceQuality "1"]

1. d4 Nf6 2. Nf3 d5 3. c4 e6 4. g3 Be7 5. Bg2 0-0 6. 0-0 dxc4 7. Ne5 Nc6 8. Bxc6 bxc6 9. Nxc6 Qe8 10. Nxe7+ Qxe7 11. Qa4 e5 12. dxe5 Qxe5 13. Nc3 Qe6 14. Bf4 Bb7 15. f3 Nd5 16. Qxc4 Nxf4 17. Qxf4 Qb6+ 18. Rf2 Qxb2 19. Qc1 Qb6 20. Rb1 Qc6 21. Nb5 Rfc8 22. e4 Qb6 23. Nc3 Qa6 24. Rfb2 Bc6 25. Kf2 Qa5 26. Ne2 Bd7 27. Qc3 Qxc3 28. Nxc3 c5 29. Ke3 Kf8 30. Rd1 Bc6 31. f4 Rd8 32. Rbd2 Rxd2 33. Rxd2 Ke7 34. e5 Rc8 35. Nd5+ Bxd5 36. Rxd5 Rc6 37. Rd2 f6 38. Ke4 fxe5 39. Kxe5 Re6+ 40. Kf5 Rc6 41. Re2+ Kd7 42. h4 Rf6+ 43. Kg4 Re6 44. Rf2 Re3 45. f5 c4 46. Kf4 Rd3 47. g4 Rd4+ 48. Kg5 Kd6 49. Kh5 c3 50. g5 Ke7 51. f6+ gxf6 52. Rxf6 Rc4 53. Rf1 c2 54. Rc1 Kf7 55. Rf1+ Kg7 56. Rc1 Kf7 57. Rf1+ Kg8 58. Rc1 Kg7 59. g6 hxg6+ 60. Kg5 Kh7 0-1

[Event "Suwalki op"]
[Site "Suwalki"]
[Date "2015.06.29"]
[Round "1"]
[White "Kacprzak, Karol"]
[Black "Fukowski, Pawel"]
[Result "0-1"]
[WhiteElo "1722"]
[BlackElo "1952"]
[PlyCount "25"]
[EventDate "2015.06.29"]
[EventType "swiss"]
[EventRounds "9"]
[EventCountry "POL"]
[SourceTitle "EXT 2017"]
[Source "ChessBase"]
[SourceDate "2016.10.25"]
[SourceVersion "1"]
[SourceVersionDate "2016.10.25"]
[SourceQuality "1"]

1. e4 e6 2. d4 d5 3. exd5 exd5 4. Bd3 Nf6 5. c3 c5 6. Nf3 Bd6 7. 0-0 0-0 8. Be3 c4 9. Bc2 b5 10. a4 b4 11. cxb4 Bxb4 12. Nc3 Bg4 13. h3 0-1

[Event "POL-ch U16"]
[Site "Karpacz"]
[Date "2015.03.21"]
[Round "8"]
[White "Zaleski, Lukasz"]
[Black "Fukowski, Pawel"]
[Result "1-0"]
[WhiteElo "2005"]
[BlackElo "1920"]
[PlyCount "101"]
[EventDate "2015.03.15"]
[EventType "swiss"]
[EventRounds "9"]
[EventCountry "POL"]
[SourceTitle "EXT 2017"]
[Source "ChessBase"]
[SourceDate "2016.10.25"]
[SourceVersion "1"]
[SourceVersionDate "2016.10.25"]
[SourceQuality "1"]

1. e4 e6 2. d4 d5 3. Nc3 Bb4 4. e5 c5 5. a3 Bxc3+ 6. bxc3 Ne7 7. Nf3 Qa5 8. Bd2 c4 9. g3 Bd7 10. h4 Na6 11. Bh3 h6 12. Ng1 0-0-0 13. Ne2 Nc7 14. Nf4 g6 15. g4 Rdf8 16. Ne2 Ne8 17. Qc1 Ng8 18. a4 Ng7 19. Qa3 Re8 20. Bg2 Qc7 21. Qb4 a5 22. Qa3 Bc6 23. Bc1 b6 24. Qa2 Kb7 25. Ba3 Ne7 26. f4 h5 27. f5 exf5 28. Bxe7 Rxe7 29. Nf4 Rxe5+ 30. dxe5 Qxe5+ 31. Ne2 Re8 32. Bf1 f4 33. 0-0-0 d4 34. Rh3 d3 35. Nd4 Bd5 36. gxh5 Ne6 37. Nxe6 Bxe6 38. Bg2+ Ka7 39. Rhh1 Qe3+ 40. Kb2 d2 41. Qa3 f3 42. Bh3 Bxh3 43. Rxh3 Qf4 44. h6 f2 45. Rhh1 Re1 46. h7 Re8 47. h8Q Rxh8 48. Qe7+ Ka8 49. Qd7 b5 50. Qxd2 Qg3 51. Qd5+ 1-0

[Event "POL-ch U16"]
[Site "Karpacz"]
[Date "2015.03.19"]
[Round "6"]
[White "Kaminski, Piotr1111"]
[Black "Fukowski, Pawel"]
[Result "0-1"]
[WhiteElo "1887"]
[BlackElo "1920"]
[PlyCount "110"]
[EventDate "2015.03.15"]
[EventType "swiss"]
[EventRounds "9"]
[EventCountry "POL"]
[SourceTitle "EXT 2017"]
[Source "ChessBase"]
[SourceDate "2016.10.25"]
[SourceVersion "1"]
[SourceVersionDate "2016.10.25"]
[SourceQuality "1"]

1. e4 e6 2. d4 d5 3. Nc3 Bb4 4. e5 c5 5. Bd2 Bxc3 6. Bxc3 Qc7 7. Qg4 f5 8. Qh5+ g6 9. Qh4 b6 10. Bb5+ Bd7 11. Be2 Nc6 12. Nf3 Qd8 13. Qg3 Nh6 14. Bd2 Nf7 15. c3 Qe7 16. h4 0-0-0 17. Bg5 Nxg5 18. hxg5 c4 19. b3 Qa3 20. 0-0 b5 21. Nd2 Na5 22. Rfb1 Kc7 23. Qe3 Rdf8 24. f4 Nc6 25. Kf2 Rf7 26. Rh1 Rg8 27. b4 a5 28. bxa5 Ra8 29. Nf3 Rxa5 30. Qd2 b4 31. cxb4 Nxb4 32. Rhc1 Nc6 33. Rc3 Qb4 34. Qc2 Qb6 35. Ke3 Qa7 36. a3 Nb8 37. Qc1 Ba4 38. Rb1 Kc8 39. g3 Nc6 40. Bf1 Rb7 41. Rxb7 Kxb7 42. Be2 Bb3 43. Qh1 Ka8 44. Qh6 Qe7 45. Rc1 Rxa3 46. Kf2 Ra7 47. Ke3 Nb4 48. Ne1 Na2 49. Ra1 Nc3 50. Rxa7+ Kxa7 51. Qh2 Kb6 52. Bf1 Qa3 53. Qd2 Ne4 54. Qh2 Qc1+ 55. Kf3 Qxe1 0-1

[Event "POL-ch U16"]
[Site "Karpacz"]
[Date "2015.03.17"]
[Round "3"]
[White "Fukowski, Pawel"]
[Black "Grela, Kacper"]
[Result "0-1"]
[WhiteElo "1920"]
[BlackElo "2172"]
[PlyCount "60"]
[EventDate "2015.03.15"]
[EventType "swiss"]
[EventRounds "9"]
[EventCountry "POL"]
[SourceTitle "EXT 2017"]
[Source "ChessBase"]
[SourceDate "2016.10.25"]
[SourceVersion "1"]
[SourceVersionDate "2016.10.25"]
[SourceQuality "1"]

1. c4 Nf6 2. Nc3 g6 3. g3 Bg7 4. Bg2 0-0 5. d4 d6 6. Nf3 Nc6 7. 0-0 a6 8. d5 Na5 9. Nd2 c5 10. Qc2 Rb8 11. b3 b5 12. Bb2 h5 13. e4 bxc4 14. bxc4 e5 15. dxe6 Bxe6 16. Nd1 Nc6 17. a3 h4 18. f4 Rxb2 19. Nxb2 Ng4 20. e5 Ne3 21. Qc3 Nxf1 22. Nxf1 dxe5 23. Rd1 Qc7 24. Bxc6 Qxc6 25. fxe5 h3 26. Ne3 Qe4 27. Qd3 Qxe5 28. Na4 Qg5 29. Kh1 Bd4 30. Nc2 Bd5+ 0-1

[Event "POL-ch U16"]
[Site "Karpacz"]
[Date "2015.03.15"]
[Round "1"]
[White "Fukowski, Pawel"]
[Black "Jankowiak, Tomasz"]
[Result "1-0"]
[WhiteElo "1920"]
[BlackElo "1663"]
[PlyCount "59"]
[EventDate "2015.03.15"]
[EventType "swiss"]
[EventRounds "9"]
[EventCountry "POL"]
[SourceTitle "EXT 2017"]
[Source "ChessBase"]
[SourceDate "2016.10.25"]
[SourceVersion "1"]
[SourceVersionDate "2016.10.25"]
[SourceQuality "1"]

1. d4 d5 2. Nf3 Nf6 3. g3 e6 4. c4 Be7 5. Bg2 0-0 6. 0-0 c6 7. Qc2 b6 8. b3 Bb7 9. Nc3 Nbd7 10. Rd1 Rc8 11. Bb2 c5 12. cxd5 Nxd5 13. Nxd5 Bxd5 14. e4 cxd4 15. Qe2 Bb7 16. Rxd4 Bc5 17. Rd2 Qe7 18. Rad1 Nf6 19. Bxf6 Qxf6 20. Rd7 Rb8 21. e5 Bxf3 22. Bxf3 Qg6 23. Rxa7 Rbd8 24. Rad7 Rxd7 25. Rxd7 Qg5 26. h4 Qc1+ 27. Kg2 Qc3 28. Be4 Bd4 29. Bxh7+ Kh8 30. Qh5 1-0

[Event "POL-ch qual U15"]
[Site "Jastrzebia Gora"]
[Date "2013.09.28"]
[Round "8.2"]
[White "Cwik, Jakub"]
[Black "Fukowski, Pawel"]
[Result "1/2-1/2"]
[WhiteElo "1470"]
[BlackElo "1679"]
[PlyCount "128"]
[EventDate "2013.09.28"]
[EventType "swiss"]
[EventRounds "9"]
[EventCountry "POL"]
[SourceTitle "EXT 2023"]
[Source "ChessBase"]
[SourceDate "2022.10.05"]
[SourceVersion "1"]
[SourceVersionDate "2022.10.05"]
[SourceQuality "1"]

1. e4 e5 2. Nf3 Nc6 3. Bb5 a6 4. Ba4 Nf6 5. d3 b5 6. Bb3 Bc5 7. 0-0 d6 8. c3 Bg4 9. h3 Be6 10. Bc2 Bb6 11. Re1 0-0 12. Bg5 h6 13. Bh4 g5 14. Bg3 Nh5 15. Nxe5 dxe5 16. Qxh5 Kg7 17. Nd2 f6 18. Nf1 Bf7 19. Qe2 h5 20. Ne3 Ne7 21. h4 Bxe3 22. Qxe3 gxh4 23. Bxh4 Ng6 24. Bg3 Rh8 25. Kf1 Qd6 26. d4 h4 27. Bh2 Qe7 28. b3 Be6 29. Rad1 Rad8 30. f3 Bc8 31. Bb1 Qe6 32. Rd2 Rd7 33. Red1 Rhd8 34. Bc2 Qe7 35. f4 c5 36. dxe5 fxe5 37. f5 Rxd2 38. Rxd2 Rxd2 39. Qxd2 Nh8 40. Qd5 Nf7 41. Kf2 Kf6 42. Qd1 c4 43. Qh5 Qc5+ 44. Ke2 Bd7 45. Qxh4+ Kg7 46. b4 Qd6 47. Bg1 a5 48. Qg4+ Kh7 49. Qh5+ Kg7 50. Bc5 Qc6 51. a3 axb4 52. Bxb4 Qf6 53. Qg4+ Kh7 54. Qh3+ Kg7 55. Qe3 Qh4 56. Ba5 Bc6 57. Qf2 Qg5 58. Bb4 Qg4+ 59. Qf3 Qg5 60. Qf2 Qg4+ 61. Qf3 Qg5 62. Qh3 Qf4 63. Qh5 Qg3 64. Qf3 Qg5 1/2-1/2

[Event "POL-ch qual U15"]
[Site "Jastrzebia Gora"]
[Date "2013.09.28"]
[Round "5.2"]
[White "Niewiarowski, Mieszko"]
[Black "Fukowski, Pawel"]
[Result "1-0"]
[WhiteElo "1474"]
[BlackElo "1679"]
[PlyCount "120"]
[EventDate "2013.09.28"]
[EventType "swiss"]
[EventRounds "9"]
[EventCountry "POL"]
[SourceTitle "EXT 2023"]
[Source "ChessBase"]
[SourceDate "2022.10.05"]
[SourceVersion "1"]
[SourceVersionDate "2022.10.05"]
[SourceQuality "1"]

1. e4 e6 2. d4 d5 3. Nc3 Bb4 4. e5 c5 5. a3 Bxc3+ 6. bxc3 Qc7 7. Nf3 b6 8. h4 Nc6 9. Be3 c4 10. Qd2 Nge7 11. Be2 Bd7 12. h5 h6 13. g4 0-0-0 14. 0-0-0 b5 15. Kb2 a5 16. Ra1 Qb6 17. Rhb1 Kb7 18. Kc1 Ra8 19. a4 Na7 20. Bxc4 bxc4 21. Rxb6+ Kxb6 22. Kd1 Ka6 23. Qc1 Nac6 24. Rb1 Rab8 25. Rxb8 Nxb8 26. Qa3 Nc8 27. Qc5 Bxa4 28. Qc7 Nd7 29. g5 Ncb6 30. gxh6 gxh6 31. Qd6 Kb7 32. Ne1 Bc6 33. Qe7 a4 34. Bc1 Rf8 35. Ba3 Nc8 36. Qh4 Rh8 37. Qf4 Rh7 38. Ng2 Na7 39. Qg3 Nb5 40. Qg8 Nxa3 41. Qxh7 Nb5 42. Qxh6 Nxc3+ 43. Ke1 Nb5 44. Qd2 c3 45. Qd1 a3 46. h6 Nf8 47. Ne3 Kc7 48. Qa1 Kd8 49. Kf1 Nh7 50. Nd1 Ke8 51. Nxc3 Nxc3 52. Qxc3 Bb5+ 53. Kg2 a2 54. Qc8+ Ke7 55. Qb7+ Kf8 56. Qa8+ Be8 57. Qxa2 f6 58. Qa7 Bf7 59. Qb8+ Be8 60. Qc7 Bf7 1-0

[Event "POL-chT3 Pomorskie"]
[Site "Poland"]
[Date "2013.04.07"]
[Round "5.8"]
[White "Lukaszuk, Aron"]
[Black "Fukowski, Pawel"]
[Result "0-1"]
[WhiteElo "1799"]
[BlackElo "1661"]
[PlyCount "89"]
[EventDate "2013.01.13"]
[EventType "team-tourn"]
[EventRounds "9"]
[EventCountry "POL"]
[SourceTitle "EXT 2019"]
[Source "ChessBase"]
[SourceDate "2018.10.10"]
[SourceVersion "1"]
[SourceVersionDate "2018.10.10"]
[SourceQuality "1"]
[WhiteTeam "Gdansk Gedania"]
[BlackTeam "Kwidzyn MTS"]
[WhiteTeamCountry "POL"]
[BlackTeamCountry "POL"]

1. c4 Nf6 2. Nc3 d6 3. g3 g6 4. Bg2 Bg7 5. e3 0-0 6. Nge2 c5 7. 0-0 Nc6 8. d3 a6 9. Qc2 Qc7 10. a3 Bd7 11. Rb1 b6 12. b4 Ra7 13. Nf4 e6 14. b5 Ne7 15. bxa6 Rxa6 16. Nb5 Bxb5 17. Rxb5 Nc6 18. Bb2 Ra5 19. Qb3 Rxb5 20. Qxb5 Na7 21. Qa6 Rb8 22. a4 Nc6 23. Bc3 Nd7 24. Bxg7 Kxg7 25. Rb1 Nb4 26. Qb5 g5 27. Nh3 h6 28. d4 f5 29. f4 g4 30. Nf2 Nf6 31. e4 Kf7 32. e5 Ne8 33. Rd1 Ke7 34. Nd3 Nc2 35. d5 Nd4 36. Qb2 Ra8 37. dxe6 Rxa4 38. Bd5 Ng7 39. Rb1 Ra6 40. exd6+ Qxd6 41. Ne5 Ngxe6 42. Re1 Kf6 43. Nc6 Kg6 44. Ne5+ Kg7 45. Qb1 0-1

[Event "POL-ch U12"]
[Site "Mielno"]
[Date "2011.03.27"]
[Round "9"]
[White "Snihur, Adam"]
[Black "Fukowski, Pawel"]
[Result "1-0"]
[WhiteElo "1437"]
[BlackElo "1611"]
[PlyCount "55"]
[EventDate "2011.03.19"]
[EventType "swiss"]
[EventRounds "9"]
[EventCountry "POL"]
[SourceTitle "EXT 2012"]
[Source "ChessBase"]
[SourceDate "2011.11.24"]
[SourceVersion "1"]
[SourceVersionDate "2011.11.24"]
[SourceQuality "1"]

1. e4 e5 2. Nf3 Nc6 3. d4 exd4 4. Bc4 Be7 5. c3 d3 6. Qb3 Na5 7. Bxf7+ Kf8 8. Qa4 c6 9. Bxg8 Rxg8 10. Qd4 c5 11. Qxd3 d6 12. 0-0 Be6 13. Re1 g5 14. h3 h5 15. e5 d5 16. Nh2 Ke8 17. Qh7 h4 18. Ng4 Kf8 19. Nh6 Rg7 20. Qh8+ Bg8 21. Re3 Rg6 22. Nxg8 Rxg8 23. Rf3+ Ke8 24. Qxg8+ Kd7 25. Qxd8+ Rxd8 26. Rf7 Ke6 27. Rxe7+ Kxe7 28. Bxg5+ 1-0